书目信息 |
| 题名: |
电视接收天线
|
|
| 作者: | 阎明敬 编著 | |
| 分册: | ||
| 出版信息: | 哈尔滨 黑龙江科学技术出版社 1983 |
|
| 页数: | 113页 | |
| 开本: | 19cm | |
| 丛书名: | ||
| 单 册: | ||
| 中图分类: | TN948.52 | |
| 科图分类: | ||
| 主题词: | 电视天线 | |
| 电子资源: | ||
| ISBN: | ||
| 000 | 00621nam0 2200229 45 | |
| 001 | 0183005227 | |
| 005 | 20060813175259.39 | |
| 010 | @dCNY0.43 | |
| 091 | @a15217.073 | |
| 100 | @a19950614d1983 em y0chiy0121 ea | |
| 101 | 0 | @achi |
| 102 | @aCN@b230000 | |
| 105 | @ay z 000yy | |
| 200 | 10 | @a电视接收天线@Adian shi jie shou tian xian@f阎明敬编著 |
| 210 | @a哈尔滨@c黑龙江科学技术出版社@d1983 | |
| 215 | @a113页@d19cm | |
| 606 | @a电视天线 | |
| 690 | @aTN948.52@v3 | |
| 701 | 0 | @a阎明敬@Ayan ming jing@4编著 |
| 801 | 2 | @aCN@bNLC@c20060813 |
| 801 | 0 | @aCN@b上海图书馆@c20040518 |
| 905 | @f1@b98811@dTN948.52@e34 | |
| 电视接收天线/阎明敬编著.-哈尔滨:黑龙江科学技术出版社,1983 |
| 113页;19cm |
| ISBN :CNY0.43 |
| ● |
| 相关链接 |
|
|
|
|
正题名:电视接收天线
索取号:TN948.52/34
 
预约/预借
| 序号 | 登录号 | 条形码 | 馆藏地/架位号 | 状态 | 备注 |
| 1 | 0098811 | 001325364 | 第二样本阅览室/ [索取号:TN948.52/34] | 在馆 | |
| 2 | 0457968 | 204579688 | 密集书库/ [索取号:TN948.52/34] | 在馆 | |
| 3 | 0457969 | 204579697 | 密集书库/ [索取号:TN948.52/34] | 在馆 |